THE MAN WHO MADE MACHINES: biography of the pioneering industrialist from maharastra (Record no. 7799)

MARC details
000 -LEADER
fixed length control field 00335nam a22001217a 4500
005 - DATE AND TIME OF LATEST TRANSACTION
control field 20210326112850.0
008 - FIXED-LENGTH DATA ELEMENTS--GENERAL INFORMATION
fixed length control field 210326b ||||| |||| 00| 0 eng d
041 ## - LANGUAGE CODE
Language code of text/sound track or separate title eng
100 ## - MAIN ENTRY--AUTHOR NAME
Personal name KIRLOSKAR, S.L.
245 ## - TITLE STATEMENT
Title THE MAN WHO MADE MACHINES: biography of the pioneering industrialist from maharastra
300 ## - PHYSICAL DESCRIPTION
Number of Pages 278,p
942 ## - ADDED ENTRY ELEMENTS (KOHA)
Koha item type Books
Holdings
Lost status Damaged status Collection code Home library Current library Shelving location Date acquired Source of acquisition Accession Number Koha item type
    LIFE SKILL JRU Library JRU Library SHELF-45-K 26/03/2021 DONATION 25812 Books